Southville International School and Colleges

Amy Foster (Record no. 238593)

000 -LEADER
fixed length control field 00670cam a22002293a 4500
001 - CONTROL NUMBER
control field 9337
003 - CONTROL NUMBER IDENTIFIER
control field PGUSA
005 - DATE AND TIME OF LATEST TRANSACTION
control field 20140828083210.0
008 - FIXED-LENGTH DATA ELEMENTS--GENERAL INFORMATION
fixed length control field 051101s2005||||xxu|||||s|||||000 1 eng d
040 ## - CATALOGING SOURCE
Original cataloging agency PGUSA
Language of cataloging eng
042 ## - AUTHENTICATION CODE
Authentication code dc
050 #4 - LIBRARY OF CONGRESS CALL NUMBER
Classification number PR
100 1# - MAIN ENTRY--PERSONAL NAME
Personal name Conrad, Joseph,
Dates associated with a name 1857-1924
245 10 - TITLE STATEMENT
Title Amy Foster
Medium [electronic resource] /
Statement of responsibility, etc Joseph Conrad
260 ## - PUBLICATION, DISTRIBUTION, ETC. (IMPRINT)
Name of publisher, distributor, etc Project Gutenberg,
Date of publication, distribution, etc 2005
506 ## - RESTRICTIONS ON ACCESS NOTE
Terms governing access Copyrighted. Read the copyright notice inside this book for details.
516 ## - TYPE OF COMPUTER FILE OR DATA NOTE
Type of computer file or data note Electronic text
653 ## - INDEX TERM--UNCONTROLLED
Uncontrolled term Man-woman relationships -- Fiction
830 #0 - SERIES ADDED ENTRY--UNIFORM TITLE
Uniform title Project Gutenberg
Volume number/sequential designation 9337
856 40 - ELECTRONIC LOCATION AND ACCESS
Uniform Resource Identifier http://www.gutenberg.org/ebooks/9337
942 ## - ADDED ENTRY ELEMENTS (KOHA)
Koha item type AudioBooks
Holdings
Damaged status Withdrawn status Date acquired Koha item type Lost status Price effective from Current Location Permanent Location Date last seen
  2014-08-28AudioBooks 2014-08-28Project GutenbergProject Gutenberg2014-08-28
Powered by Koha